Asiatische Länder mit 20 Millionen Einwohnern - Sudden Death - Statistiken

Allgemein
  • Dieses Quiz wurde 1.206 mal gespielt
  • Das Durchschnittsergebnis liegt bei 12 aus 25
Answers on the Grid
Answers color-coded by a green-red scale on the quiz's grid according to % correct below.
Afghanistan
Armenien
Aserbaidschan
Bahrain
Bangladesch
Bhutan
Brunei
China
Georgien
Indien
Indonesien
Irak
Iran
Israel
Japan
Jemen
Jordanien
Kambodscha
Kasachstan
Katar
Kirigistan
Kuwait
Laos
Libanon
Malaysia
Malediven
Mongolei
Myanmar
Nepal
Nordkorea
Oman
Osttimor
Pakistan
Philippinen
Saudi Arabien
Singapur
Sri Lanka
Südkorea
Syrien
Tadschikistan
Taiwan
Thailand
Türkei
Turkmenistan
Usbekistan
Vereinigte Arabische Emirate
Vietnam
Zypern
 
Antwortstatistiken
Antwort % Korrekt
China
83%
Japan
78%
Indien
77%
Indonesien
74%
Bangladesch
73%
Iran
72%
Türkei
63%
Pakistan
59%
Vietnam
59%
Afghanistan
58%
Thailand
57%
Philippinen
56%
Südkorea
56%
Irak
50%
Saudi Arabien
49%
Malaysia
47%
Myanmar
31%
Nordkorea
30%
Kasachstan
27%
Syrien
27%
Taiwan
18%
Usbekistan
14%
Jemen
12%
Sri Lanka
12%
Nepal
10%
Keine übereinstimmenden Quizze gefunden
Verteilung der Resultate
Anzahl Personen mit jedem Resultat
Perzentil nach korrekt beantworteten Fragen
Ihre Resultats-Entwicklung
Sie haben dieses Quiz noch nicht gespielt